1355 1835 1789 1562 1399 1794 1049 1928 1300 1827 1355 1298 1630 1126 1766 1216 1298 1574 1818 1519 1717 1148 1338 1621 1737 1044 1983 1316 1713 1752 1507 1599 1018 1893 1309 1052 1725 1792 1275 1701 1861 1104 1088 1456 1864 1279 1175 1175 1051 1028 1479 1385 1281 1266 1589 1569 1714 1292 1093 1604 1956 1326 1762 1324 1570 1173 1434 1252 1736 1272 1486 1775 1514 1001 1815 1563 1488 1901 1391 1062 1578 1009 1795 1727 1781 1855 1841 1466 1696 1962 1072 1281 1414 1811 1407 1767 1108 1997 1038 BCNSPRNW ULIB Ver.6.0+V

เปลี่ยนเป็นภาษาไทย

Change to English
 แสดงรายละเอียดบรรณานุกรม
  กลับหน้าหลัก

Brief Record : Get Marc (ISO 2709) : E-mail record : QR code < ปิดหน้าต่าง
LEADER : 00000nam 2200000uu 4500
001    13399127152
003     ULIB
008    020711s2020 th a 000 0 eng d
020    ^a9781455702657
060    ^aWY20.5^bS581S
100    ^aSilvestri, Linda Anne
245    ^aSaunders Q & A Review for the NCLEX-PN® Examination
250    ^a5th ed
260    ^aLouis, Missouri :^bElsevier,^c2020
300    ^a622 pages;^b30 cm
650    ^aExamination
945    ^p1470^l0^i006339
999    ^aประนอม เกษจรัล
รายการนี้ยังไม่มีแท็ก
คุณยังไม่ได้ล็อกอิน คุณสามารถมีกิจกรรมร่วมกับเว็บไซต์ได้ แต่ต้องล็อกอินก่อน ::
  ล็อกอิน

รายการสื่อสารสนเทศ

ลำดับที่ ประเภท เลขเรียก/บาร์โค้ด สถานที่ สถานะ
1. Book การพยาบาล
Book การพยาบาล
WY20.5 S581S ฉ.1 
  Barcode: 006339
ห้องสมุดวิทยาเขตสวรรค์ประชารักษ์
►หนังสือทั่วไป
บนชั้น

รายการใกล้เคียง
    ผู้แต่ง [Silvestri, Linda Anne]

    หัวเรื่อง [Examination]

BibComment


ยังไม่เคยถูกคอมเมนท์

คอมเมนท์ทรัพยากรรายการนี้
  คอมเมนท์: Saunders Q A Re..


 Copyright 2026. Bcnsprnw @Library